World Map Missing 30 Random Countries (With Microstates) - Statistics

General Stats
  • This quiz has been taken 88 times
  • The average score is 26 of 30
Answers on the Map
Answers color-coded by a green-red scale on the quiz's map according to % correct below.
 
Answer Stats
Country % Correct
Algeria
100%
Angola
100%
Argentina
100%
Austria
100%
Azerbaijan
100%
Bahamas
100%
Belgium
100%
Benin
100%
Bhutan
100%
Bosnia and Herzegovina
100%
Botswana
100%
Brazil
100%
Bulgaria
100%
Burkina Faso
100%
Cameroon
100%
Canada
100%
Chad
100%
Chile
100%
China
100%
Colombia
100%
Czech Republic
100%
Denmark
100%
Dominican Republic
100%
D.R. Congo
100%
Egypt
100%
Ethiopia
100%
Federated States of Micronesia
100%
Finland
100%
France
100%
Georgia
100%
Ghana
100%
Honduras
100%
Iceland
100%
India
100%
Indonesia
100%
Iraq
100%
Israel
100%
Italy
100%
Jordan
100%
Kazakhstan
100%
Kenya
100%
Kyrgyzstan
100%
Laos
100%
Latvia
100%
Liberia
100%
Libya
100%
Lithuania
100%
Malta
100%
Marshall Islands
100%
Mauritania
100%
Mexico
100%
Mongolia
100%
Myanmar
100%
Netherlands
100%
Niger
100%
Norway
100%
Oman
100%
Pakistan
100%
Panama
100%
Paraguay
100%
Peru
100%
Poland
100%
Portugal
100%
Russia
100%
Samoa
100%
São Tomé and Príncipe
100%
Saudi Arabia
100%
Serbia
100%
Sierra Leone
100%
Slovakia
100%
Slovenia
100%
South Africa
100%
Spain
100%
Sri Lanka
100%
Sweden
100%
Switzerland
100%
Syria
100%
Tajikistan
100%
Tanzania
100%
Togo
100%
Turkey
100%
Uganda
100%
Ukraine
100%
Uzbekistan
100%
Vanuatu
100%
Venezuela
100%
Yemen
100%
South Korea
93%
Belarus
92%
Ecuador
92%
Gabon
92%
Guatemala
92%
Namibia
92%
South Sudan
92%
United States
92%
Eritrea
91%
Germany
91%
Guyana
91%
Lesotho
91%
Republic of the Congo
91%
Malaysia
90%
Mozambique
90%
Afghanistan
89%
Australia
89%
Burundi
89%
Central African Republic
89%
Costa Rica
89%
Guinea
89%
Lebanon
89%
Malawi
89%
Sudan
89%
Thailand
89%
United Kingdom
89%
Armenia
88%
Bangladesh
88%
Cuba
88%
Eswatini
88%
Mali
88%
Morocco
88%
Nepal
88%
Nigeria
88%
Rwanda
88%
Suriname
88%
Tunisia
88%
Uruguay
88%
Zimbabwe
88%
Turkmenistan
87%
Bolivia
86%
Croatia
86%
Estonia
86%
Greece
86%
Guinea-Bissau
86%
Madagascar
86%
Maldives
86%
Mauritius
86%
Nicaragua
86%
Zambia
86%
Montenegro
85%
Cambodia
83%
Comoros
83%
Ireland
83%
Nauru
83%
North Korea
83%
Philippines
83%
Tonga
83%
Fiji
82%
Hungary
82%
Moldova
82%
Qatar
82%
Albania
80%
Belize
80%
Cote d'Ivoire
80%
Iran
80%
Kosovo
80%
Kuwait
80%
Monaco
80%
Cape Verde
78%
Japan
78%
Palau
78%
Romania
78%
Seychelles
78%
Dominica
75%
Jamaica
75%
Kiribati
75%
North Macedonia
75%
Senegal
75%
Tuvalu
75%
Equatorial Guinea
73%
Luxembourg
73%
Cyprus
71%
Papua New Guinea
71%
Solomon Islands
71%
Vietnam
71%
Antigua and Barbuda
70%
Barbados
70%
El Salvador
70%
Somalia
70%
Liechtenstein
67%
San Marino
67%
United Arab Emirates
67%
Djibouti
64%
Singapore
64%
Taiwan
64%
Saint Lucia
63%
Vatican City
63%
Andorra
60%
Haiti
60%
Saint Kitts and Nevis
58%
Gambia
57%
Trinidad and Tobago
57%
Bahrain
50%
Brunei
50%
New Zealand
50%
Timor Leste
50%
Grenada
33%
Saint Vincent and the Grenadines
29%
No matching quizzes found
Score Distribution
Percent of People with Each Score
Percentile by Number Answered
Your Score History
You have not taken this quiz